| 000 | 00726cam a2200241 4500 | ||
|---|---|---|---|
| 001 | D16175 | ||
| 008 | 090401t1978 xxu||||| |||| 00| 0 eng d | ||
| 035 | _a(Sirsi) u27621 | ||
| 041 | _aeng | ||
| 050 |
_a333.0017 _c18 |
||
| 110 |
_aRoyal Institution of Chartered Surveyors _94900 |
||
| 245 | 4 |
_aThe rules of conduct, disciplinary powers and procedures _bJuly 1973 (Revised June 1978) |
|
| 260 |
_a[S.l.] _bRICS _c1978 |
||
| 300 |
_a40p. _c21cm |
||
| 490 | _aRICS Rules of Conduct | ||
| 650 | _aPROFESSIONAL CONDUCT | ||
| 650 | _aRICS BYE-LAWS | ||
| 650 | _aRICS REGULATIONS | ||
| 650 | _aRICS RULES OF CONDUCT | ||
| 690 | _aMANAGEMENT-BUSINESS MANAGEMENT-PROFESSIONAL PRACTICE | ||
| 942 | _n0 | ||
| 948 | _c04/03/1997 | ||
| 999 |
_c89137 _d89137 |
||